MARC

Tag First Indicator Second Indicator Subfields
LEADER 00000cam a2200000Mi 4500
001 in00005477607
006 m o d
007 cr |||||||||||
008 191105s1893 enka o 000 0beng d
005 20240917155312.7
035 |a (OCoLC)on1143469197 
040 |a UKAMD  |b eng  |e rda  |e pn  |c UKAMD  |d OCLCF  |d OCLCO  |d OCLCL 
035 |a (OCoLC)1143469197 
050 4 |a BX9079 
082 0 4 |a 285.233092  |2 23 
049 |a TXAM 
100 1 |a Oliphant,  |c Mrs.  |q (Margaret),  |d 1828-1897,  |e author. 
245 1 0 |a Thomas Chalmers :  |b preacher, philosopher, and statesman,  |f 1893 /  |c by Mrs. Oliphant. 
264 1 |a London :  |b Methuen & Co.,  |c 1893. 
300 |a 1 online resource (1 volume (255 pages)) :  |b 1 illustration (black and white). 
336 |a text  |b txt  |2 rdacontent 
337 |a computer  |b c  |2 rdamedia 
338 |a online resource  |b cr  |2 rdacarrier 
490 1 |a AM Scholar: Literary Studies. 
500 |a "Collection: Oliphant: the collected writings of Margaret Oliphant (1828-1897)"--Homepage. 
500 |a "Original Microfilm Part: Part 4"--Homepage. 
500 |a "Original Microfilm Reel: 78"--Homepage. 
588 |a Description based on online resource; title from scanned document's title page (viewed on November 5, 2019). 
600 1 0 |a Chalmers, Thomas,  |d 1780-1847. 
610 2 0 |a Church of Scotland  |x Clergy  |v Biography. 
600 1 7 |a Chalmers, Thomas,  |d 1780-1847  |2 fast  |1 https://id.oclc.org/worldcat/entity/E39PBJqQCbMv89yYCkcGtV7yh3 
610 2 7 |a Church of Scotland  |2 fast 
650 0 |a Presbyterians  |z Scotland  |v Biography. 
650 0 |a Theologians  |z Scotland  |v Biography. 
650 6 |a Théologiens  |z Écosse  |v Biographies. 
650 7 |a Clergy  |2 fast 
650 7 |a Presbyterians  |2 fast 
650 7 |a Theologians  |2 fast 
651 7 |a Scotland  |2 fast  |1 https://id.oclc.org/worldcat/entity/E39QbtfRx4M4xHbtFTRj7p6BmM 
655 7 |a Electronic books.  |2 local 
655 7 |a Biographies  |2 fast 
710 2 |a Adam Matthew Digital (Firm),  |e digitiser. 
758 |i has work:  |a Thomas Chalmers (Text)  |1 https://id.oclc.org/worldcat/entity/E39PCGF3mpM6J3JYBPJx47wFjy  |4 https://id.oclc.org/worldcat/ontology/hasWork 
830 0 |a AM Scholar: Literary Studies. 
856 4 0 |u http://proxy.library.tamu.edu/login?url=https://www.amscholar.amdigital.co.uk/Documents/Details/Oliphant_Part4_Reel78_Vol3  |z Connect to the full text of this electronic book  |t 0 
955 |a Adam Matthew Scholar Literacy Studies 
994 |a 92  |b TXA 
999 f f |s 0e00d1b5-1ffb-419c-9b1e-3ba1a9f0d03d  |i 8fd6200f-fa77-400c-bcc5-df125fcf8f07  |t 0 
952 f f |a Texas A&M University  |b College Station  |c Electronic Resources  |d Available Online  |t 0  |e BX9079   |h Library of Congress classification 
998 f f |a BX9079   |t 0  |l Available Online